| 000 | 00714nam a22001937a 4500 | ||
|---|---|---|---|
| 003 | 0 | ||
| 005 | 20250114123852.0 | ||
| 008 | 160722b xxu||||| |||| 00| 0 eng d | ||
| 050 |
_aPHS LB 1065 _b.K49 2015 |
||
| 100 | _aKim, Young-guk | ||
| 245 |
_aA Comparative analysis of intrinsic motivation between grade 10 and 11 male and female SISC students _cYoung-guk Kim (William) |
||
| 260 |
_aLas PiƱas, Philippines : _bSouthville International School and Colleges, _c2015. |
||
| 300 |
_a29 p. : _bill. ; _c28 cm. |
||
| 504 | _aIncludes bibliographical references. | ||
| 650 | _aMotivation (Psychology). | ||
| 650 |
_aAdolescents _vMotivation. |
||
| 650 |
_aEducational psychology _vMotivation. |
||
| 942 |
_2lcc _cPASS |
||
| 999 |
_c297883 _d297883 |
||